000 00580nam a2200217 i 4500
001 92678
003 ES-MaACL
005 20230906181031.0
007 t|
008 050415s1992 sp ||||1| spa d
020 _a84-254-1570-5
080 _a297.18
130 0 _aCorán.
_lEspañol.
_9120330
245 1 3 _aEl Corán /
_cedición preparada por Julio Cortés.
250 _a4ª ed. rev.
260 _aBarcelona :
_bHerder,
_c1992.
300 _a784 p. ;
_c18 cm.
630 0 4 _aCorán.
_911361
700 1 _aCortés, Julio.
_940862
852 _aES-MaACL
_jE-10973
_bR.134788
999 _c92678
_d92678